Personnages de Overwatch de A à Z en images - Statistiques

Statistiques générales
  • Ce quiz a été pris 52 fois
  • Le résultat moyen est 19 sur 21
Statistiques - réponses
Par images Hint Réponse % Correct
A Ange
100%
D D.Va
98%
F Fatale
98%
L Lúcio
98%
M Mei
98%
T Tracer
98%
B Bastion
96%
C Chacal
96%
G Genji
96%
H Hanzo
96%
R Reinhardt
96%
W Winston
96%
P Pharah
93%
S Sombra
91%
K Kiriko
85%
O Orisa
85%
Z Zarya
83%
I Illari
72%
J Juno
72%
V Vital
72%
E Emre
70%
Aucun quiz correspondant
Distribution des résultats
% des personnes avec chaque résultat
Percentile par nombre de réponses
Votre historique - résultats
Vous n’avez pas pris ce quiz